• 首页
  • 本馆介绍
  • 公告通知
  • 最新文献
  • 馆藏检索
  • 电子资源
  • 读者导购
  • 参考咨询
  • 我的图书馆
  • 登录
  • 详细信息显示
  • 放入我的书架
  • 预约/预借图书
  • 作者相关作品
  • 分类相关作品
  • 丛书相关作品
  • 出版社相关作品

书目信息

  • 表格格式
  • 工作单格式
  • 卡片格式
题名:
中国地方档案专题研究
    
 
作者: 陈海玉 编著
分册:  
出版信息: 北京   社会科学文献出版社  2021
页数: 205页
开本: 24cm
丛书名:
单 册:
中图分类: G279.27
科图分类:
主题词: 地方档案--专题研究--中国
电子资源:
ISBN: 978-7-5201-9045-9
000 00903nam0 2200229 450
001 012001000453
005 20141201143301.0
010    @a978-7-5201-9045-9@dCNY98.00
100    @a20220905d2021 em y0chiy50 ea
101 0  @achi
102    @aCN@b110000
105    @aa z 000yy
106    @ar
200 1  @a中国地方档案专题研究@Azhong guo di fang dang an zhuan ti yan jiu@f陈海玉编著
210    @a北京@c社会科学文献出版社@d2021
215    @a205页@c图@d24cm
330    @a本书关注中国地方档案文献,围绕其研究历史与现状、整理研究、资源建设研究以及地方档案学科构建展开分析论证,主要回答了以下问题:什么是地方档案,地方档案保存现状如何,地方档案如何开发利用,地方档案学是一门什么样的学科以及如何去建构地方档案学。
606 0  @a地方档案@x专题研究@y中国
690    @aG279.27@v5
701  0 @a陈海玉@Achen hai yu@c(女,@f1975~)@4编著
801  0 @aCN@bAHXH@c20221111
905    @b1369362-4@dG279.27@e253@f3
    
    中国地方档案专题研究/陈海玉编著.-北京:社会科学文献出版社,2021
    205页:图;24cm
    
    
    ISBN 978-7-5201-9045-9:CNY98.00
    本书关注中国地方档案文献,围绕其研究历史与现状、整理研究、资源建设研究以及地方档案学科构建展开分析论证,主要回答了以下问题:什么是地方档案,地方档案保存现状如何,地方档案如何开发利用,地方档案学是一门什么样的学科以及如何去建构地方档案学。
●
相关链接 在E读中查询图书 在五车中查询图书 在当当中查询图书 在豆瓣中查询图书


正题名:中国地方档案专题研究     索取号:G279.27/253         预约/预借

序号 登录号 条形码 馆藏地/架位号 状态 备注
1 1369362   213693626   第一样本阅览室/ [索取号:G279.27/253] 在馆    
2 1369363   213693635   第四借阅区/ [索取号:G279.27/253] 在馆    
3 1369364   213693644   第四借阅区/ [索取号:G279.27/253] 在馆    
唐山师范学院图书馆 欢迎您!
大连网信软件有限公司© 版权所有